00362nam a2200133 4500020001500000020001800015082001100033100002400044245005400068260003900122300001200161650003400173700002100207 a8175442123 a9788175442122 a004BAS aBasandra, Suresh K. aWheeler's Advanced Computer Science Question Bank aIndia:bWheeler Publishing,c2000. a839p. ; acomputr science question Bank aBasandra, Karuna